Normal view
MARC view
- التفكير الابداعي-كتب ارشادية-التفكير الادراكي
Entry Topical Term
001 - CONTROL NUMBER
- control field: 22455
003 - CONTROL NUMBER IDENTIFIER
- control field: JO-AjAnu
005 - DATE AND TIME OF LATEST TRANSACTION
- control field: 20230606073857.0
008 - FIXED-LENGTH DATA ELEMENTS
- fixed length control field: 230606|| aca||aabn | a|a d
040 ## - CATALOGING SOURCE
- Original cataloging agency: JO-AjAnu
- Transcribing agency: JO-AjAnu
150 ## - HEADING--TOPICAL TERM
- Topical term or geographic name entry element: التفكير الابداعي-كتب ارشادية-التفكير الادراكي
670 ## - SOURCE DATA FOUND
- Source citation: Work cat.: (JO-AjAnu)11541: لجنة الترجمة والتعريب/اعداد, author 22454, تعليم مهارات التفكير: مداخل وتدريبات عملية(دليل المعلم والمتعلم)